Historia general de las civilizaciones

Uloženo v:
Podrobná bibliografie
Hlavní autor: Crouzet, Maurice (Autor)
Médium: Kniha
Jazyk:španělština
Vydáno: Barcelona, España Destino 1958
Témata:
Tagy: Přidat tag
Žádné tagy, Buďte první, kdo vytvoří štítek k tomuto záznamu!

MARC

LEADER 00000cam a2200000 a 4500
001 UCT3313
003 CL-VaPUC
005 20241111122103.0
008 961018e19580000SP |||||||||||||||||spa|d
999 |c 253010  |d 253008 
040 |c Pontificia Universidad Católica de Valparaíso 
082 0 4 |a 930 CRO 1958  |2 21 
100 0 |a Crouzet, Maurice  |e author  |9 372235 
245 1 0 |a Historia general de las civilizaciones 
260 |a Barcelona, España  |b Destino  |c 1958 
300 |a volúmenes 
500 |a v.4: El siglo XVI y XVII 
500 |a v.5: El siglo XVIII: revolución intelectual técnica y política, 1715-1815 
500 |a v.7: La época contemporánea, en busca de una nueva civilización 
583 |a last modification  |c 20180618 09:30:49  |k Rodrigo Vera 
650 7 |a HISTORIA UNIVERSAL  |2 CL-VaPUC  |9 267879  |y SIGLO 15-18 
650 0 |a Civilizaciones antiguas  |9 265998 
650 0 |a Edad media  |9 258041 
650 0 |a Renacimiento  |9 255107 
650 0 |a Industrialización  |9 263687 
650 0 |a Revolución cultural  |9 340386 
650 0 |a Revolución francesa  |9 324244 
942 |c BK  |2 ddc 
945 |d 19961018 00:00:00  |a lriquelm 
952 |0 0  |1 0  |2 ddc  |4 0  |6 930_000000000000000_CRO_1958  |7 0  |8 X  |9 273321  |a BIBCUR  |b BIBCUR  |d 2019-11-19  |h v.5  |i 1231618  |o 930 CRO 1958  |p 1231618  |r 2025-04-22  |t 1  |w 2019-11-19  |y BK_X  |k BCB 
952 |0 0  |1 0  |2 ddc  |3 erd  |4 0  |6 930_000000000000000_CRO_1958  |7 0  |8 A  |9 273328  |a BIBHIS  |b BIBHIS  |h v.7  |i 5476429  |o 930 CRO 1958  |p 5476429  |r 2025-01-20  |t 1  |w 2019-11-19  |y BK  |z Catalogado en:20180622  |k HIS